000 00402 a2200133 4500
001 87819
082 _aPR 196
090 _c41281
_d41281
100 _aM Umar Farooq, Plt Off 15879 72 EC
245 _aInternal flow modeling and incompressible analysis of effervescent injector
260 _aRisalpur
_bNUST Risalpur
_c2012
300 _ax, 41p.
_eKashif Mehmood, Sqn Ldr
500 _aBE Project Reports
942 _aCAE NUST
_kPR 196
999 _c322892
_d322892